• 首页
  • 本馆介绍
  • 公告通知
  • 最新文献
  • 馆藏检索
  • 电子资源
  • 读者导购
  • 参考咨询
  • 我的图书馆
  • 登录
  • 详细信息显示
  • 放入我的书架
  • 预约/预借图书
  • 作者相关作品
  • 分类相关作品
  • 丛书相关作品
  • 出版社相关作品

书目信息

  • 表格格式
  • 工作单格式
  • 卡片格式
题名:
生命工程
    
 
作者: 霍用灵 撰稿
分册:  
出版信息: 杭州   浙江教育出版社  1997
页数: 130页
开本: 29cm
丛书名: 世界科普画廊
单 册:
中图分类: Q1-0 , N49
科图分类:
主题词: 生命科学--普及读物 , 自然科学--普及读物
电子资源:
ISBN: 7-5338-2772-4
000 00727nam2 2200265 450
001 1569791066
005 20150118192426.93
010    @a7-5338-2772-4@b精装@dCNY45.00
100    @a20021005d1997 am y0chiy0110 ea
101 0  @achi
102    @aCN@b330000
105    @aa z 000yy
200 1  @a生命工程@9sheng ming gong cheng@f霍用灵等撰稿
210    @a杭州@c浙江教育出版社@d1997
215    @a130页@d29cm
225 2  @a世界科普画廊
300    @a国家“九五”出版规划重点图书
461  0 @12001 @a世界科普画廊
606 0  @a生命科学@x普及读物
606 0  @a自然科学@x普及读物
690    @aQ1-0@v5
690    @aN49@v4
701  0 @a霍用灵@9huo yong ling@4撰稿
801  0 @aCN@bTSSF@c20150118
905    @aZUCC@dN49@eJY164
    
    生命工程/霍用灵等撰稿.-杭州:浙江教育出版社,1997
    130页;29cm.-(世界科普画廊)
    国家“九五”出版规划重点图书
    
    ISBN 7-5338-2772-4(精装):CNY45.00
    
●
相关链接 在E读中查询图书 在五车中查询图书 在当当中查询图书 在豆瓣中查询图书


正题名:生命工程     索取号:N49/JY164         预约/预借

序号 登录号 条形码 馆藏地/架位号 状态 备注
1 7847937   278479371   学院路分馆/ [索取号:N49/JY164] 在馆    
唐山师范学院图书馆 欢迎您!
大连网信软件有限公司© 版权所有